[Event "chess.com SpeedChess 2024"]
[Site "chess.com INT"]
[Date "2024.07.25"]
[Round "1.22"]
[White "Martinez Alcantara,Jose Eduardo"]
[Black "Nakamura,Hi"]
[Result "1-0"]
[WhiteElo "2612"]
[BlackElo "2802"]

1.e4 d5 2.exd5 Qxd5 3.Nc3 Qa5 4.Nf3 c6 5.d4 Bf5 6.Bc4 e6 7.Bd2 Nf6 8.Nd5 Qd8
9.Nxf6+ gxf6 10.O-O Nd7 11.Re1 Be7 12.c3 O-O 13.Nh4 Bg6 14.f4 f5 15.Nf3 Bh5
16.Qe2 Bxf3 17.Qxf3 Kh8 18.Be3 Rg8 19.Kh1 Nf6 20.Rad1 Bd6 21.Bb3 Qf8 22.c4 Qh6
23.Re2 Ng4 24.g3 Rae8 25.Bd2 Bf8 26.d5 exd5 27.cxd5 Rxe2 28.Qxe2 Bc5 29.Bc3+ f6
30.Rf1 Qh5 31.d6 Re8 32.Qxg4 Qxg4 33.Bxf6+ Qg7 34.Bxg7+ Kxg7 35.d7 Rd8 36.Rd1 Kf6
37.Bc2 h5 38.Kg2 Be3 39.b4 b6 40.Rd6+ Ke7 41.Rxc6 Rxd7 42.Bxf5 Rd2+ 43.Kf3 Bg1
44.h4 Rf2+ 45.Ke4 Re2+ 46.Kd5 Rd2+ 47.Ke5 Bd4+ 48.Ke4 Bf2 49.Rg6 Rxa2 50.Kf3 Rb2
51.b5 Rxb5 52.Kxf2 Rxf5 53.Rg7+ Kd6 54.Rxa7 b5 55.Ke3 b4 56.Rb7 Kc5 57.Ke4 Rf8
58.f5 Kc4 59.Ke5 b3 60.f6 Re8+ 61.Kf5 Re3 62.f7 Rxg3 63.Kf6 Rf3+ 64.Kg6 Rg3+
65.Kxh5 Rf3 66.Kg6 Rg3+ 67.Kh6 Rf3 68.h5 Kc3 69.Kg7 Rg3+ 70.Kf8 b2 71.h6 Rh3
72.Kg8 Rg3+ 73.Kh7 Rf3 74.Kg7 Rg3+ 75.Kf8 Rh3 76.Rxb2 Kxb2 77.Kg8 Rg3+ 78.Kh7 Rf3
79.Kg7 Rg3+ 80.Kf6 Rf3+ 81.Ke5 Re3+ 82.Kf4 Re1 83.h7 Rf1+ 84.Ke5 Rxf7 85.h8=Q Rb7
86.Kd6+ Kb3 87.Kc6 Rb4 88.Kc5 Rc4+ 89.Kd5 Rc1 90.Qh3+ Rc3 91.Qf1 Rc2 92.Kd4 Rd2+
93.Kc5 Rc2+ 94.Kb5 Kc3 95.Qd1 Rd2 96.Qf3+ Rd3 97.Qe4 Rd4 98.Qe5 Kd3 99.Kc5 Re4
100.Qb2 Rg4 101.Qb3+ Ke4 102.Qd5+ Ke3 103.Qf5 Rf4 104.Qg5 Ke4 105.Qe7+ Kf3
106.Qe1 Re4 107.Qf1+ Ke3 108.Qg1+ Kf3 109.Kd5 Re2 110.Qf1+ Ke3 111.Ke5 Rf2
112.Qe1+ Kf3 113.Qh1+ Kg3 114.Ke4 Re2+ 115.Kf5 Rf2+ 116.Kg5 Re2 117.Qf1 Rf2
118.Qd3+ Rf3 119.Qe4 Rf1 120.Qg4+ Kf2 121.Kf4 Ra1 122.Qf3+ Kg1 123.Qe3+ Kg2
124.Qe4+ Kh2 125.Qh7+ Kg2 126.Qg6+ Kh3 127.Qh7+ Kg2 128.Qg7+ Kh3 129.Qxa1  1-0

[Event "chess.com SpeedChess 2024"]
[Site "chess.com INT"]
[Date "2024.07.25"]
[Round "1.21"]
[White "Nakamura,Hi"]
[Black "Martinez Alcantara,Jose Eduardo"]
[Result "1/2-1/2"]
[WhiteElo "2802"]
[BlackElo "2612"]

1.e4 c6 2.Nc3 d5 3.Nf3 dxe4 4.Nxe4 Nf6 5.Ng3 g6 6.Bc4 Bg7 7.h3 O-O 8.O-O c5
9.d4 cxd4 10.Nxd4 Qc7 11.Bb3 Nc6 12.Nxc6 Qxc6 13.Qe2 e6 14.Bf4 b6 15.Be5 Bb7
16.f3 Rfd8 17.Rfe1 a5 18.a4 Ba6 19.Qf2 Nd7 20.Bxg7 Kxg7 21.Ne4 Nc5 22.Nxc5 bxc5
23.c3 Rab8 24.Ba2 Qb6 25.b3 Rd3 26.Rac1 Rbd8 27.c4 Qd6 28.Rc2 Bb7 29.Rce2 Qf4
30.Qxc5 Bxf3 31.Rf2 Qg3 32.Qe5+ Qxe5 33.Rxe5 Bd1 34.Rxa5 Bxb3 35.Ra7 Bxa2
36.Rxa2 R3d4 37.Rc7 Kh6 38.a5 Ra8 39.a6 e5 40.a7 e4 41.Rb7 e3 42.Rxf7 Rxc4
43.Re7 Rc1+ 44.Kh2 e2 45.Raxe2 Ra1 46.R2e4 R1xa7 47.Rh4+ Kg5 48.Rhxh7 Rxe7
49.Rxe7 Kh6 50.Re5 Ra4 51.Re3 Rb4 52.Kg3 Kh5 53.Rf3 Kg5 54.Rc3 Kh5 55.Rc5+ Kh6
56.Re5 Ra4 57.Kf3 Rb4 58.Re4 Rb3+ 59.Kg4 Rb2 60.g3 Rb5 61.Ra4 Rg5+ 62.Kf3 Rf5+
63.Kg2 Rb5 64.Kf3 Rb3+ 65.Kg4 Rb2 66.h4 Rb6 67.Rd4 Rc6 68.Kf4 Rf6+ 69.Ke5 Ra6
70.g4 Ra5+ 71.Kf6 Ra6+ 72.Ke7 Ra7+ 73.Ke6 Ra6+ 74.Ke5 Ra5+ 75.Ke4 Ra1 76.Rb4 Rh1
77.Ke5 Rxh4 78.Kf6 Rh1 79.g5+ Kh5 80.Rb5 Rf1+ 81.Kg7 Rg1 82.Kf6 Rf1+ 83.Kg7 Rg1
84.Kf6 Rf1+  1/2-1/2

[Event "chess.com SpeedChess 2024"]
[Site "chess.com INT"]
[Date "2024.07.25"]
[Round "1.18"]
[White "Martinez Alcantara,Jose Eduardo"]
[Black "Nakamura,Hi"]
[Result "1/2-1/2"]
[WhiteElo "2612"]
[BlackElo "2802"]

1.e4 d5 2.exd5 Qxd5 3.Nc3 Qa5 4.Nf3 c6 5.d4 Bf5 6.Bc4 e6 7.Bd2 Nf6 8.Qe2 Bb4
9.O-O-O Nbd7 10.Bb3 O-O 11.Kb1 Qc7 12.Ne5 a5 13.a4 Bxc3 14.Bxc3 Nd5 15.Bd2 b5
16.g4 Bg6 17.Nxg6 hxg6 18.axb5 a4 19.Bxd5 cxd5 20.h4 a3 21.b3 Rfc8 22.Rc1 Nf6
23.f3 Qb6 24.Qd3 Rab8 25.Ka2 Ne8 26.h5 g5 27.h6 g6 28.h7+ Kh8 29.Bxg5 Qa5
30.Bd2 Qxb5 31.Qxb5 Rxb5 32.Kxa3 Nd6 33.Bf4 Nc4+ 34.Ka2 f6 35.Rhe1 Ra8+ 36.Kb1 Ra6
37.Rcd1 Rc6 38.Bc1 Kxh7 39.Rd3 Kg7 40.f4 Kf7 41.g5 Nd6 42.Rh3 Ne4 43.Kb2 Ra5
44.Rh7+ Ke8 45.Reh1 Rca6 46.Rh8+ Kd7 47.R1h7+ Kc6 48.Rc8+ Kd6 49.Rd8+ Kc6
50.Rc8+ Kd6 51.b4 Ra7 52.Rd8+ Kc6 53.Rxa7 Rxa7 54.gxf6 Nxf6 55.Kb3 Ne4 56.Rg8 Ra1
57.Kb2 Ra4 58.c3 Nd6 59.Rxg6 Kd7 60.Kb3 Ra1 61.Kb2 Ra8 62.Rh6 Nc4+ 63.Kc2 Ra2+
64.Kb1 Rf2 65.b5 Nd6 66.b6 Re2 67.f5 exf5 68.Bf4 Nc4 69.b7 Rb2+ 70.Kc1 Rxb7
71.Rf6 Rb3 72.Rxf5 Rxc3+ 73.Kb1 Kc6 74.Rf8 Rd3 75.Kc2 Rxd4 76.Kc3 Re4 77.Kd3 Nb2+
78.Kd2 Na4 79.Be3 d4 80.Bf2 Nc5 81.Rc8+ Kb5 82.Rb8+ Kc4 83.Rc8 Rg4 84.Ke2 Rg7
85.Rd8 Re7+ 86.Kf3 Nb3 87.Bxd4 Nxd4+ 88.Kg4 Rg7+ 89.Kh3 Kd3 90.Ra8 Ke4 91.Ra4 Ke3
92.Kh4 Nf3+ 93.Kh5 Ne5 94.Kh6 Rg1 95.Kh5 Nf7 96.Rb4 Nd6 97.Ra4 Ne4 98.Kh6 Kf4
99.Ra5 Nd6 100.Ra4+ Kf5 101.Ra5+ Kf6 102.Kh5 Nc4 103.Ra6+ Kf5 104.Kh6 Rg2
105.Kh7 Ne3 106.Kh6 Ng4+ 107.Kg7 Ne5+ 108.Kf8 Rb2 109.Ke7 Rb7+ 110.Kd6 Rh7
111.Ra1 Nd3 112.Kd5 Rc7 113.Kd4 Rd7+ 114.Ke3 Ne5 115.Ra5 Rd3+ 116.Ke2 Rh3
117.Ra8 Nc6 118.Re8 Nd4+ 119.Kd2 Kf4 120.Re7 Nf3+ 121.Kc2 Ne5 122.Re8 Ke4
123.Kd2 Rh5 124.Ke2 Kd4 125.Kf2 Rg5 126.Rd8+ Ke4 127.Re8 Rg7 128.Ke2 Rg2+
129.Kd1 Ra2 130.Kc1 Kd4 131.Kb1 Rg2 132.Kc1 Nf3 133.Kd1 Kc3 134.Re3+ Kc4
135.Rxf3 Kd4 136.Ke1 Ke4 137.Rf2 Rg7 138.Ke2 Kd5 139.Kf3 Kc6 140.Rg2 Rf7+
141.Kg3 Ra7 142.Kh2 Rb7 143.Rg6+ Kd5 144.Rg5+ Kd4 145.Rg4+ Ke5 146.Rg2 Kf4
147.Rf2+ Ke3 148.Rg2 Rh7+ 149.Kg3 Rh8 150.Rg1 Rg8+ 151.Kh2 Rb8 152.Kg3 Ke4
153.Re1+ Kf5 154.Rf1+ Ke6 155.Rf3 Kd6 156.Rd3+ Ke7 157.Rf3 Rg8+ 158.Kf2 Ra8
159.Re3+ Kf6 160.Kf3 Kg5 161.Re5+ Kg6 162.Re3 Ra4 163.Re4 Ra1 164.Re3 Kf5
165.Re2 Rf1+ 166.Ke3 Rb1 167.Kd3 Kf4 168.Kc2 Rb8 169.Rd2 Rc8+ 170.Kd3 Kg5
171.Rc2 Ra8 172.Rc3 Kg6 173.Kc2 Kg7 174.Kb2 Kh8 175.Rb3 Kg8 176.Rg3+ Kh8
177.Rh3+ Kg7 178.Rg3+ Kf6 179.Ra3 Rb8+ 180.Rb3 Rh8 181.Rb6+ Ke5 182.Rb3 Ke4
183.Rb4+ Ke3 184.Rb3+ Kf2 185.Rb7  1/2-1/2

[Event "Titled Tue 30th Jul Early"]
[Site "chess.com INT"]
[Date "2024.07.30"]
[Round "1"]
[White "Nakamura,Hi"]
[Black "Belozerov,A"]
[Result "1-0"]
[WhiteElo "2802"]
[BlackElo "2400"]

1.e4 e5 2.Bc4 Nf6 3.d3 c6 4.Nf3 d5 5.Bb3 a5 6.a3 a4 7.Ba2 Bd6 8.Nc3 Be6 9.O-O O-O
10.Bg5 d4 11.Ne2 Bxa2 12.Rxa2 Nbd7 13.Ng3 g6 14.h3 Qe7 15.Nh2 Qe6 16.Ra1 c5
17.c4 dxc3 18.bxc3 b5 19.f4 exf4 20.Bxf4 Bxf4 21.Rxf4 Ne5 22.Qf1 Nfd7 23.d4 cxd4
24.cxd4 Qb6 25.Ne2 Nc4 26.Ng4 Kg7 27.Qf2 h5 28.Ne3 Nxe3 29.Qxe3 Rae8 30.Qf2 Qd6
31.e5 Qe7 32.Nc3 b4 33.Nd5 Qe6 34.Nc7 Qe7 35.Nxe8+ Rxe8 36.axb4 Nb6 37.Rf1 Rf8
38.e6 Qxe6 39.Rf6  1-0

[Event "Titled Tue 30th Jul Early"]
[Site "chess.com INT"]
[Date "2024.07.30"]
[Round "2"]
[White "Shandrygin,Nikita"]
[Black "Nakamura,Hi"]
[Result "0-1"]
[WhiteElo "2209"]
[BlackElo "2802"]

1.Nf3 g6 2.g3 d6 3.d4 Bg7 4.Bg2 Bd7 5.O-O Qc8 6.h4 h6 7.c4 Bh3 8.Nc3 g5 9.e4 Nc6
10.Be3 Bg4 11.Qd2 Bxf3 12.Bxf3 gxh4 13.Kg2 hxg3 14.fxg3 Nf6 15.Rae1 e5 16.Nd5 h5
17.Rh1 Qd7 18.Nxf6+ Bxf6 19.d5 Nd4 20.Bxh5 O-O-O 21.Rh3 Qxh3+ 22.Kxh3 Rxh5+
23.Kg2 Rdh8 24.Bg1 Rh2+ 25.Bxh2 Rxh2+ 26.Kxh2 Nf3+ 27.Kg2 Nxd2 28.b3 Kd7
29.Kh3 Nf3 30.Re3 Nd4 31.Kg4 Ke7 32.b4 a6 33.a4 Kf8 34.c5 Be7 35.Rc3 Kg7
36.c6 b6 37.Rc1 Kg6 38.Rf1 Bg5 39.Rb1 f5+ 40.exf5+ Nxf5 41.Kf3 Ng7 42.Ke4 Ne8
43.g4 Nf6+ 44.Kf3 Nxd5 45.b5 a5 46.Rh1 Kg7 47.Rh5 Bf4 48.g5 Ne7 49.Kg4 d5
50.Rh6 d4 51.Re6 Kf7 52.Rf6+ Kg8 53.Re6 Kf8 54.Rf6+ Ke8 55.g6 Ng8 56.Rf7 Nh6+  0-1

[Event "Titled Tue 30th Jul Early"]
[Site "chess.com INT"]
[Date "2024.07.30"]
[Round "3"]
[White "Nakamura,Hi"]
[Black "Kovalev,Vl"]
[Result "1-0"]
[WhiteElo "2802"]
[BlackElo "2559"]

1.e4 e5 2.Bc4 Nf6 3.d3 Nc6 4.Nc3 Na5 5.Qf3 Nxc4 6.dxc4 d6 7.Nge2 Be6 8.b3 Be7
9.O-O Nd7 10.Qg3 g5 11.Qe3 h5 12.Ng3 f6 13.Nf5 Bf8 14.a4 a5 15.Ba3 b6 16.Rad1 Nc5
17.Nd5 Kf7 18.Qf3 Kg6 19.h4 g4 20.Qe3 Nxe4 21.f3 Nc3 22.Qxc3 Bxf5 23.f4 Bg7
24.Ne3 Be4 25.c5 bxc5 26.fxe5 fxe5 27.Qc4 Bc6 28.Qf7+ Kh7 29.Qxh5+ Kg8 30.Qf7+ Kh7
31.Rf5  1-0

[Event "Titled Tue 30th Jul Early"]
[Site "chess.com INT"]
[Date "2024.07.30"]
[Round "4"]
[White "Demidov,M"]
[Black "Nakamura,Hi"]
[Result "0-1"]
[WhiteElo "2549"]
[BlackElo "2802"]

1.Nf3 g6 2.d4 Bg7 3.e4 d6 4.c3 Nd7 5.Bd3 e5 6.O-O Ngf6 7.Re1 O-O 8.Na3 b6
9.Nc2 Bb7 10.Bg5 h6 11.Bh4 Re8 12.d5 Nc5 13.Bb5 g5 14.Bxe8 Qxe8 15.Bg3 Ncxe4
16.c4 b5 17.b3 bxc4 18.bxc4 Nc5 19.Rb1 Ba6 20.Nxe5 dxe5 21.Bxe5 Qa4 22.Nb4 Qxd1
23.Rexd1 Nfe4 24.Bxg7 Kxg7 25.Rdc1 Nd6 26.Nxa6 Nxa6 27.c5 Ne4 28.Rb5 c6 29.Ra5 Nc7
30.f3 Nf6 31.dxc6 a6 32.Rd1 Rb8 33.Ra3 Rb5 34.Rc3 Nfd5 35.Rcc1 Rb2 36.a4 h5
37.Rd4 Nf4 38.Rd7 Ne2+ 39.Kf1 Nxc1 40.Rxc7 Rc2 41.Ra7 Rxc5 42.Rxa6 Nb3 43.Ke2 Nd4+
44.Kd3 Nxc6 45.Rb6 f6 46.Rb5 Rc1 47.Ke4 Ra1 48.Rb6 Rxa4+ 49.Kf5 Nd4+ 50.Ke4 Ne2+
51.Kf5 Ra5+ 52.Ke4 Nf4 53.g3 Re5+ 54.Kd4 Ne6+ 55.Kd3 Kg6 56.Rc6 Kf5 57.Rd6 Ra5
58.Rc6 Ra3+ 59.Kd2 Rxf3 60.Ke1 Re3+ 61.Kf2 Re5 62.Rc8 Nd4 63.Kg2 Re2+ 64.Kg1 Nf3+
65.Kf1 Rxh2 66.Rc5+ Kg6 67.g4 Nd2+ 68.Kg1 Re2 69.gxh5+ Kxh5 70.Rc3 g4 71.Rc5+ Kh4
72.Rc8 Kg3 73.Rc2 Re1+  0-1

[Event "Titled Tue 30th Jul Early"]
[Site "chess.com INT"]
[Date "2024.07.30"]
[Round "5"]
[White "Nakamura,Hi"]
[Black "Sanal,V"]
[Result "1/2-1/2"]
[WhiteElo "2802"]
[BlackElo "2567"]

1.e4 d6 2.d4 Nf6 3.Nc3 e5 4.Nf3 Nbd7 5.Bc4 Be7 6.O-O O-O 7.Qe2 c6 8.a4 exd4
9.Nxd4 Re8 10.Re1 Bf8 11.Qd1 Nc5 12.Bg5 h6 13.Bxf6 Qxf6 14.Re3 Ne6 15.Nf5 d5
16.exd5 Qxf5 17.dxe6 Bxe6 18.Qe1 Bd7 19.Ne4 Bc5 20.Re2 Bf8 21.Rd1 Re7 22.Ng3 Qg4
23.Rxe7 Bxe7 24.h3 Qxc4 25.Rxd7 Bf6 26.Rxb7 Qxc2 27.b3 Rd8 28.Qe4 Qxe4 29.Nxe4 Be5
30.Kf1 Rd4 31.Nc5 Rd2 32.Ne4 Rc2 33.Rxa7 f5 34.Re7 Bd4 35.Nd6 Rxf2+ 36.Ke1 Rxg2
37.Nxf5 Bc3+ 38.Kd1 Rh2 39.Re3 Bf6 40.b4 Ra2 41.a5 c5 42.b5 Rxa5 43.Nd6 Ra8
44.Kc2 Rd8 45.Nc4 Kf7 46.b6 Rb8 47.Kb3 Bd8 48.Nd6+ Kf6 49.b7 Be7 50.Ne4+ Kf7
51.Nc3 Rxb7+ 52.Kc2 Rd7 53.Ne4 Rd5 54.Kc3 Re5 55.Kd3 Ke6 56.Rg3 Bf6 57.Nd2 Rd5+
58.Kc2 Re5 59.Rb3 g5 60.Kd3 Kf5 61.Nc4 Rd5+ 62.Ke2 Bd4 63.Kf3 h5 64.Rb6 g4+
65.hxg4+ hxg4+ 66.Kg3 Rd7 67.Nd6+ Ke5 68.Ne8 Re7 69.Nd6 Re6 70.Nc4+ Kd5 71.Rxe6 Kxe6
72.Kxg4 Kd5 73.Nd2 Be3 74.Nb1 Kd4 75.Kf3 Kd3 76.Na3 Bc1 77.Nb5 Bb2 78.Kf2 c4
79.Kf3 Be5 80.Kf2 Bf6 81.Kf3 Be7 82.Kf2 Bc5+ 83.Kf3 Be3 84.Kg4 Bd2 85.Kf3 Bb4
86.Kf4 Kc2 87.Ke4 Kb3 88.Kd5 Bd2 89.Nd4+ Kb4 90.Nc6+ Kb3 91.Nd4+ Kc3 92.Nc6 Kc2
93.Kxc4  1/2-1/2

[Event "Titled Tue 30th Jul Early"]
[Site "chess.com INT"]
[Date "2024.07.30"]
[Round "6"]
[White "Pranesh,M"]
[Black "Nakamura,Hi"]
[Result "0-1"]
[WhiteElo "2581"]
[BlackElo "2802"]

1.e4 c5 2.Nf3 e6 3.d4 cxd4 4.Nxd4 a6 5.Bd3 Bc5 6.Nb3 Ba7 7.Qg4 Nf6 8.Qg3 d6
9.Nc3 Nc6 10.Be3 Bxe3 11.Qxe3 e5 12.O-O-O Be6 13.h3 Rc8 14.Kb1 Na5 15.f4 exf4
16.Qxf4 Nc6 17.g4 Ne5 18.Ne2 O-O 19.Ned4 Qb6 20.g5 Nh5 21.Qh4 g6 22.Nf5 Bxf5
23.exf5 Nxd3 24.Rxd3 Rxc2 25.Rhd1 Rc6 26.f6 Rfc8 27.Qg4 Qc7 28.a3 h6 29.h4 Rc4
30.Rd4 d5 31.Ka2 Nf4 32.R1d2 Ne6 33.h5 Rxd4 34.Nxd4 Qc4+ 35.b3 Qc1 36.Rd1 Qxg5
37.Qh3 Qxh5 38.Qxh5 gxh5 39.Nf5 Kh7 40.Rxd5 Rc5 41.Rxc5 Nxc5 42.Nh4 Ne4 43.b4 Nxf6
44.Kb3 Ng4 45.Kc4 Kg7 46.Kc5 Ne5 47.a4 Kf6 48.Kb6 Kg5 49.Ng2 Nc6 50.b5 axb5
51.axb5 Nd4 52.Ne1 Nxb5 53.Kxb5 h4 54.Kc4 h3 55.Kd3 Kf4 56.Ke2 h2 57.Nd3+ Kg3
58.Nf2 Kg2 59.Ke3 b5  0-1

[Event "Titled Tue 30th Jul Early"]
[Site "chess.com INT"]
[Date "2024.07.30"]
[Round "7"]
[White "Nakamura,Hi"]
[Black "Makarian,Rudik"]
[Result "1-0"]
[WhiteElo "2802"]
[BlackElo "2525"]

1.e4 c5 2.Nf3 e6 3.c3 d5 4.Bd3 dxe4 5.Bxe4 Nf6 6.Bc2 Bd6 7.d4 O-O 8.Bg5 h6
9.Bh4 cxd4 10.Nxd4 e5 11.Nb5 Be7 12.Qxd8 Bxd8 13.Bxf6 gxf6 14.Nd6 Be7 15.Nxc8 Rxc8
16.Nd2 Nd7 17.Nf3 b5 18.O-O-O Nb6 19.Nh4 a5 20.Nf5 Bf8 21.Kb1 Rc7 22.Rd3 Rac8
23.Rhd1 b4 24.Rd8 bxc3 25.Nxh6+ Kg7 26.Nf5+ Kg8 27.b3 Rxd8 28.Rxd8 Rc8 29.Ne7+  1-0

[Event "Titled Tue 30th Jul Early"]
[Site "chess.com INT"]
[Date "2024.07.30"]
[Round "8"]
[White "Sindarov,Javokhir"]
[Black "Nakamura,Hi"]
[Result "1/2-1/2"]
[WhiteElo "2674"]
[BlackElo "2802"]

1.e4 d5 2.exd5 Qxd5 3.Nc3 Qa5 4.d4 c6 5.Nf3 Nf6 6.Ne5 Be6 7.Nc4 Qc7 8.Qf3 g6
9.Be2 Bg7 10.O-O Nd5 11.Rd1 O-O 12.Ne4 Nf6 13.Bf4 Qc8 14.Nxf6+ Bxf6 15.c3 Nd7
16.Re1 Nb6 17.Ne5 Nd5 18.Bh6 Bg7 19.Bxg7 Kxg7 20.Rad1 Nf6 21.a3 Qc7 22.h3 Rad8
23.Qe3 Nd5 24.Qg3 Nb6 25.Qe3 Nd5 26.Qg3 Nb6 27.Qe3 c5 28.dxc5 Nd5 29.Qd4 Nf6
30.Qe3 Nd5 31.Qd4 Nf6 32.Qe3 Nd5  1/2-1/2

[Event "Titled Tue 30th Jul Early"]
[Site "chess.com INT"]
[Date "2024.07.30"]
[Round "9"]
[White "Nakamura,Hi"]
[Black "Le Tuan Minh"]
[Result "1/2-1/2"]
[WhiteElo "2802"]
[BlackElo "2568"]

1.c4 c6 2.Nf3 d5 3.Qc2 Nf6 4.d4 dxc4 5.e4 b5 6.b3 cxb3 7.axb3 e6 8.Bd2 Bb7
9.Bd3 h6 10.b4 Be7 11.Bc3 O-O 12.Nbd2 a5 13.bxa5 b4 14.Bb2 Rxa5 15.Rc1 c5
16.Nb3 c4 17.Qxc4 Ra2 18.Nc5 Rxb2 19.Nxb7 Qb6 20.Qc7 Qxc7 21.Rxc7 Bd8 22.Nxd8 Rxd8
23.O-O Nbd7 24.Rfc1 Nb6 25.Rb7 Na4 26.Rcc7 Rf8 27.Ne5 Ne8 28.Rc4 Nd6 29.Rbxb4 Nxc4
30.Rxc4 Nb6 31.Rc7 Rb4 32.Nc6 Rb3 33.Bf1 Rb2 34.g3 Ra8 35.Ne5 f6 36.Nd3 Rd2
37.Nf4 Rxd4 38.Nxe6 Rd7 39.Rc6 Nc8 40.Bc4 Kh8 41.Nf8 Rd1+ 42.Kg2 Ne7 43.Rc7 Rxf8
44.Rxe7 Rd4 45.Bf7 Rxe4  1/2-1/2

[Event "Titled Tue 30th Jul Early"]
[Site "chess.com INT"]
[Date "2024.07.30"]
[Round "10"]
[White "Nakamura,Hi"]
[Black "Paravyan,D"]
[Result "1/2-1/2"]
[WhiteElo "2802"]
[BlackElo "2608"]

1.e4 e5 2.Bc4 Nf6 3.d3 c6 4.Bb3 d5 5.Nd2 Bc5 6.Ngf3 O-O 7.O-O Nbd7 8.Re1 Re8
9.Nf1 Ng4 10.Re2 Ndf6 11.h3 Nxf2 12.Rxf2 Bxf2+ 13.Kxf2 dxe4 14.Ng5 Re7 15.Ng3 exd3
16.Qxd3 Qxd3 17.cxd3 h6 18.N5e4 Nxe4+ 19.dxe4 Be6 20.Bc2 Rd7 21.Be3 Rad8
22.Ke1 b6 23.b4 f6 24.a3 Bc4 25.h4 Kf7 26.h5 g6 27.hxg6+ Kxg6 28.Rc1 b5 29.Nf5 h5
30.Bd1 Rd3 31.Be2 Rxa3 32.Bxc4 bxc4 33.Rxc4 a5 34.Bc1 axb4 35.Bxa3 bxa3 36.Ra4 Rd3
37.Ke2 Rb3 38.g3 Kg5 39.Ra8 Kg4 40.Ra6 c5 41.Rxf6 a2 42.Ra6 Rb2+ 43.Kd3 Kf3
44.Ra5 c4+ 45.Kxc4 Kxe4 46.Nd6+ Kf3 47.Ra3+ Kg4 48.Ne4 Re2 49.Kd5 Kf5 50.Nd6+ Kg4
51.Ne4 Kf5 52.Nd6+ Kg4 53.Ke6 e4 54.Ke5 e3 55.Nf5 Re1 56.Rxa2 e2 57.Ne3+ Kxg3
58.Ke4 Kf2 59.Nc2 Rc1 60.Nd4 Re1 61.Ra3 h4 62.Rf3+ Kg2 63.Ke3 Rf1 64.Kxe2 Rxf3
65.Nxf3 h3 66.Ke3 h2 67.Nxh2  1/2-1/2

[Event "Titled Tue 30th Jul Early"]
[Site "chess.com INT"]
[Date "2024.07.30"]
[Round "11"]
[White "Samunenkov,Ihor"]
[Black "Nakamura,Hi"]
[Result "0-1"]
[WhiteElo "2535"]
[BlackElo "2802"]

1.d4 f6 2.e4 e6 3.Nc3 Bb4 4.Bd3 Ne7 5.Ne2 b6 6.a3 Bxc3+ 7.Nxc3 Ba6 8.O-O Bxd3
9.Qxd3 d6 10.f4 d5 11.f5 dxe4 12.Qxe4 Nbc6 13.Qxe6 Qxd4+ 14.Be3 Qe5 15.Qxe5 Nxe5
16.Bf4 N7c6 17.Rad1 Kf7 18.Nd5 Rac8 19.b3 Rhd8 20.c4 Rd7 21.Rfe1 Rcd8 22.h3 Na5
23.Bxe5 fxe5 24.Rb1 c6 25.Ne3 h5 26.b4 Nb7 27.c5 b5 28.a4 a6 29.axb5 axb5
30.Ra1 Re8 31.Ra6 Nd8 32.Kf2 Kf6 33.g4 hxg4 34.hxg4 Kg5 35.Kf3 Rh8 36.Rg1 Rd3
37.Ke4 Rd4+ 38.Kf3 Rh3+ 39.Rg3 e4+ 40.Kf2 Rh2+ 41.Rg2 Rh3 42.Rg3 Rd2+ 43.Ke1 Rhh2
44.Ra7 Rhe2+ 45.Kf1 Kf4 46.Rg2 Kxe3 47.Rxe2+ Rxe2 48.Rxg7 Rb2 49.Rd7 Kf3
50.Kg1 e3 51.Rxd8 Rb1+ 52.Kh2 e2 53.Re8 e1=Q 54.Rxe1 Rxe1 55.g5 Re5  0-1

[Event "Titled Tue 6th Aug Late"]
[Site "chess.com INT"]
[Date "2024.08.06"]
[Round "1"]
[White "Bellissimo,Joseph F."]
[Black "Nakamura,Hi"]
[Result "0-1"]
[WhiteElo "2203"]
[BlackElo "2802"]

1.e4 g6 2.d4 c6 3.Nd2 d5 4.e5 Bh6 5.Bd3 c5 6.c3 Nc6 7.Ngf3 cxd4 8.cxd4 f6
9.O-O fxe5 10.Nxe5 Nf6 11.Ndf3 Bg7 12.Bb5 Bd7 13.Nxd7 Nxd7 14.Ng5 Nxd4 15.Be3 e5
16.Bxd7+ Qxd7 17.Bxd4 exd4 18.Re1+ Kf8 19.Qb3 Bf6 20.Ne6+ Kg8 21.Rac1 Re8
22.Nc5 Rxe1+ 23.Rxe1 Qc6 24.Nxb7 Kg7 25.Na5 Qd7 26.Qb4 Re8 27.Rxe8 Qxe8 28.h3 d3
29.Nb3 Qe2 30.Qb7+ Kh6 31.Qxd5 Qe1+ 32.Kh2 Be5+ 33.g3 Qxf2+ 34.Kh1 Qe1+ 35.Kg2 Qxg3+
36.Kf1 Qxh3+ 37.Ke1 Qe3+ 38.Kf1 Qe2+ 39.Kg1 Bh2+ 40.Kh1 Bf4 41.Kg1 Be3+ 42.Kh1 Qf1+
43.Kh2 Bf4+  0-1

[Event "Titled Tue 6th Aug Early"]
[Site "chess.com INT"]
[Date "2024.08.06"]
[Round "1"]
[White "Villa Tornero,Alex"]
[Black "Nakamura,Hi"]
[Result "0-1"]
[WhiteElo "2241"]
[BlackElo "2802"]

1.e4 g6 2.h4 h5 3.d4 c6 4.Nc3 d5 5.Be3 dxe4 6.Nxe4 Nf6 7.Nxf6+ exf6 8.Bd3 Bd6
9.Ne2 O-O 10.Qd2 b5 11.O-O-O Be6 12.Kb1 Nd7 13.g4 Bxg4 14.Rhg1 Re8 15.f3 Bxf3
16.Bxg6 fxg6 17.Rxg6+ Kf7 18.Rdg1 Bg4 19.Rh6 Rh8 20.d5 c5 21.Qd3 Rxh6 22.Bxh6 Qh8
23.Rxg4 hxg4 24.Qf5 Re8 25.Qh5+ Ke7 26.a4 Kd8 27.Nc3 g3 28.Nxb5 g2 29.Nxd6 g1=Q+
30.Ka2 Qhg8 31.Bf4 Re5 32.Bxe5 Nxe5 33.c4 Q1g4 34.Qh6 Ke7 35.Nb7 Qxc4+ 36.Ka3 Qg3+  0-1

[Event "Titled Tue 6th Aug Early"]
[Site "chess.com INT"]
[Date "2024.08.06"]
[Round "2"]
[White "Nakamura,Hi"]
[Black "Spata,G"]
[Result "1-0"]
[WhiteElo "2802"]
[BlackElo "2399"]

1.e4 e6 2.d3 c5 3.Nf3 Nc6 4.g3 g6 5.Bg2 Bg7 6.O-O Nge7 7.Re1 O-O 8.c3 d6
9.d4 e5 10.d5 Nb8 11.c4 h6 12.Nc3 f5 13.exf5 Nxf5 14.Nd2 Nd7 15.Nde4 Nf6
16.Nxf6+ Qxf6 17.Ne4 Qe7 18.Bd2 Bd7 19.b4 b6 20.bxc5 bxc5 21.Rb1 Rab8 22.Bc3 Nd4
23.Bxd4 cxd4 24.Qd3 Bf5 25.Qa3 Bxe4 26.Bxe4 g5 27.Qd3 Rxb1 28.Rxb1 Qc7 29.Qb3 Qf7
30.Qc2 Qc7 31.Bf5 Rb8 32.Be6+ Kh8 33.Rxb8+ Qxb8 34.Qg6 d3 35.Bf5 Qg8 36.Bxd3 Bf8
37.Qe8 Qg7 38.c5 Qe7 39.Qg6 dxc5 40.d6 Qg7 41.Qe8  1-0

[Event "Titled Tue 6th Aug Late"]
[Site "chess.com INT"]
[Date "2024.08.06"]
[Round "2"]
[White "Nakamura,Hi"]
[Black "Yang,Kevin"]
[Result "1-0"]
[WhiteElo "2802"]
[BlackElo "2096"]

1.Nf3 Nf6 2.b3 e6 3.Bb2 Be7 4.e3 b6 5.g4 h6 6.Rg1 Bb7 7.h4 d6 8.g5 hxg5 9.hxg5 Nh5
10.d3 e5 11.Nbd2 Nd7 12.Bh3 g6 13.Qe2 c6 14.d4 exd4 15.Nxd4 Rg8 16.a4 a5
17.O-O-O Qc7 18.Nc4 Nc5 19.f4 Ba6 20.Qf3 Bxc4 21.bxc4 Nxa4 22.Nxc6 Qb7 23.Bg2 Nxb2
24.Kxb2 Rc8 25.Qd5 Ng7 26.Qb5 Kf8 27.Bd5 Qc7 28.e4 Ne6 29.f5 Nc5 30.f6 Bd8
31.Rh1 Qd7 32.Rh7 Rc7 33.Rxf7+ Qxf7 34.Bxf7 Kxf7 35.Rxd6  1-0

[Event "Titled Tue 6th Aug Late"]
[Site "chess.com INT"]
[Date "2024.08.06"]
[Round "3"]
[White "Hommadov,Amanmuhammet"]
[Black "Nakamura,Hi"]
[Result "1/2-1/2"]
[WhiteElo "2181"]
[BlackElo "2802"]

1.e4 g6 2.d4 c6 3.Nc3 d5 4.Nf3 Bg4 5.h3 Bxf3 6.Qxf3 e6 7.exd5 cxd5 8.Bf4 Nc6
9.Ne2 Qb6 10.Qb3 Nf6 11.c3 Nh5 12.Bh2 Bh6 13.Qxb6 axb6 14.a3 Kd7 15.Nc1 Bf4
16.Bxf4 Nxf4 17.g3 Nh5 18.Bb5 Kd6 19.Be2 Nf6 20.Nd3 Nd7 21.Bf3 b5 22.Rd1 Na5
23.O-O Nc4 24.Rfe1 Rhe8 25.Re2 f6 26.Nf4 Re7 27.h4 Rae8 28.Kg2 Ndb6 29.Ra1 Na8
30.Rd1 Nc7 31.g4 Nb6 32.g5 fxg5 33.hxg5 Rf8 34.Kg3 Rf5 35.Nh3 Nc4 36.Bg4 Rf8
37.f4 Ne8 38.Nf2 Ng7 39.Nd3 b6 40.Rh1 Ne8 41.Reh2 Rff7 42.Re2 Nc7 43.Rhe1 Rf8
44.Rh2 Na5 45.Reh1 Rff7 46.Ne5 Rg7 47.Re2 Nc6 48.Rf1 Nd8 49.Rfe1 Re8 50.Rf2 Nb7
51.Rh1 Ree7 52.Re1 Ne8 53.Rh1 Kc7 54.Be2 Ned6 55.Bd3 Nd8 56.Ng4 Rgf7 57.Rfh2 Nf5+
58.Bxf5 exf5 59.Nf6 Kd6 60.Rxh7 Rxh7 61.Rxh7 Rxh7 62.Nxh7 Ke7 63.Nf6 Ke6
64.Ne8 Kd7 65.Nf6+ Kc6 66.Nh7 Ne6 67.Kf3 Kd6 68.Ke3 Ke7 69.Nf6 Nc7 70.Kd3 Kd6
71.b3 Ne6 72.Ke3 Nc7 73.Kd3 Ne6 74.Ke3 Nc7 75.Kd3  1/2-1/2

[Event "Titled Tue 6th Aug Early"]
[Site "chess.com INT"]
[Date "2024.08.06"]
[Round "3"]
[White "Mukhutdinov,Tigran"]
[Black "Nakamura,Hi"]
[Result "1/2-1/2"]
[WhiteElo "2252"]
[BlackElo "2802"]

1.e4 g6 2.d4 c6 3.Nc3 d5 4.e5 e6 5.f4 c5 6.Nf3 cxd4 7.Nxd4 Nc6 8.Be3 Nge7
9.Bd3 Nxd4 10.Bxd4 Nc6 11.Bf2 Qa5 12.O-O a6 13.Ne2 Bc5 14.c3 Bxf2+ 15.Rxf2 Bd7
16.Nd4 Qb6 17.Qb3 Qa7 18.Nxc6 Bxc6 19.Qa3 O-O-O 20.Re1 Qb6 21.Qb3 Qc7 22.Qb4 Rhf8
23.Qd4 Kb8 24.h3 Qd7 25.Kh2 Bb5 26.Bxb5 Qxb5 27.a4 Qc6 28.a5 Qb5 29.Ra1 Rc8
30.Qa4 Qc5 31.Rd2 f6 32.exf6 Rxf6 33.Qd4 Qxd4 34.Rxd4 Rc5 35.g4 Kc7 36.Kg3 Kd6
37.Rb4 Kc7 38.Rd4 Rf7 39.Ra3 Kd6 40.b4 Rc6 41.Rb3 Rfc7 42.Rd3 Rc4 43.Kf3 Rf7
44.Rd4 g5 45.Rxc4 dxc4 46.Rb1 Rxf4+ 47.Ke3 h5 48.Rd1+ Ke5 49.Rd7 hxg4 50.hxg4 Rxg4
51.Rxb7 Rg3+ 52.Kd2 g4 53.Rc7 Rd3+ 54.Kc2 g3 55.Rxc4 Kf5 56.Rc8 Rd5 57.c4 Rd4
58.Rf8+ Kg4 59.Kc3 Rf4 60.Rg8+ Kf3 61.b5 axb5 62.cxb5 Ra4 63.a6 g2 64.Kb3 Ra1
65.Kc4 e5 66.Kd5 e4 67.Rxg2 Kxg2 68.Kxe4 Kf2 69.Kd5 Ke3 70.Kc6 Kd4 71.Kb7 Kc5
72.b6 Rb1 73.a7 Rxb6+ 74.Ka8 Rg6 75.Kb7 Rg7+ 76.Ka6 Rg6+ 77.Kb7 Rg7+ 78.Ka6 Rg8
79.Kb7 Rg7+  1/2-1/2

[Event "Titled Tue 6th Aug Late"]
[Site "chess.com INT"]
[Date "2024.08.06"]
[Round "4"]
[White "Nakamura,Hi"]
[Black "Vlachos,Anatole"]
[Result "1-0"]
[WhiteElo "2802"]
[BlackElo "2461"]

1.Nf3 d5 2.e3 Nf6 3.c4 e6 4.Qc2 Be7 5.b3 O-O 6.Bb2 dxc4 7.Bxc4 a6 8.g4 b5
9.Be2 Bb7 10.g5 Nd5 11.a3 c5 12.Nc3 Nc6 13.Rg1 e5 14.Bd3 g6 15.Nxd5 Qxd5
16.Be4 Nd4 17.exd4 Qxe4+ 18.Qxe4 Bxe4 19.Nxe5 cxd4 20.Bxd4 Rad8 21.Bc3 Rfe8
22.f4 Bd6 23.b4 Re6 24.O-O-O Rc8 25.Kb2 f6 26.Ng4 fxg5 27.fxg5 Bf5 28.Nh6+ Kf8
29.Nxf5 gxf5 30.Rdf1 f4 31.h4 Kg8 32.Rf3 Re2 33.Rd3 Be5 34.Bxe5 Rxe5 35.Rf1 Rf8
36.Rff3 Re2 37.Rd4 Rh2 38.Rd6 Rxh4 39.Rxa6 Rg4 40.Rh6 Rxg5 41.Rh4 Rgf5 42.Kc3 Kg7
43.Rg4+ Kh8 44.d4 h5 45.Rg1 Kh7 46.Kd3 Kh6 47.Ke4 R5f7 48.d5 Re8+ 49.Kd4 Rf5
50.Kc5 h4 51.Kc6 Rc8+ 52.Kd7 Rg8 53.Rxg8  1-0